Grupos turísticos y discapacidad: pautas, atención y diseño

Zapisane w:
Opis bibliograficzny
1. autor: Gómez, María Fernanda (Autor)
Format: Książka
Język:hiszpański
Wydane: Buenos Aires Turísticas 2004
Wydanie:1a. ed
Seria:Temas de Turismo
Hasła przedmiotowe:
Etykiety: Dodaj etykietę
Nie ma etykietki, Dołącz pierwszą etykiete!

MARC

LEADER 00000nam a2200000 a 4500
001 UCG0793
003 CL-VaPUC
008 100408e20040000AG |||||||||||||||||spa|d
020 |a 978987947340X 
082 0 4 |a 338.4791  |b GOM  |2 21 
100 0 |a Gómez, María Fernanda  |e author  |9 548356 
245 1 0 |a Grupos turísticos y discapacidad: pautas, atención y diseño 
250 |a 1a. ed 
300 |a 127 p 
942 |c BK 
945 |d 20100408 00:00:00  |a rbrito 
260 |a Buenos Aires  |b Turísticas  |c 2004 
650 0 |a Turismo  |9 308920 
650 0 |a Desarrollo turístico   |9 525699 
650 0 |a Industria turística  |9 347913 
650 0 |a Gestión administrativa  |9 375217 
583 |a last modification  |c 20130328 01:02:17  |k Rodrigo Vera 
490 0 |a Temas de Turismo 
999 |c 340316  |d 340314 
952 |0 0  |1 0  |4 0  |6 338_479100000000000_GOM_2004  |7 0  |8 A  |9 434911  |a BIBING  |b BIBING  |d 2019-11-22  |i 4658671  |o 338.4791 GOM 2004  |p 4658671  |r 2025-01-20  |w 2019-11-22  |y BK  |k GEO